000 00365nam a2200133Ia 4500
008 240624s9999 xx 000 0 und d
041 _aeng
082 _a658.4092 CHA
100 _aCHAIT RICHARD P
245 _aGOVERNANCE AS LEADERSHIP REFRAMING THE W
260 _c2005
_aNew Jersey
_bJohn Wiley and Sons
300 _axxvi, : 198 : p. : cm. ; 23
365 _c
_b20
999 _c16084
_d16084